[Event "FRA-ch U16"]
[Site "Agen"]
[Date "2021.10.24"]
[Round "1"]
[White "Hasseine, Madiane"]
[Black "Benyahia, Ali"]
[Result "1-0"]
[WhiteElo "2259"]
[BlackElo "1620"]
[PlyCount "71"]
[EventDate "2021.10.22"]
[EventType "swiss"]
[EventRounds "9"]
[EventCountry "FRA"]
[SourceTitle "EXT 2023"]
[Source "ChessBase"]
[SourceDate "2022.10.05"]
[SourceVersion "1"]
[SourceVersionDate "2022.10.05"]
[SourceQuality "1"]

1. Nf3 d5 2. g3 Nf6 3. Bg2 e6 4. 0-0 Be7 5. d3 0-0 6. Nbd2 c5 7. e4 b6 8. Re1 Bb7 9. e5 Nfd7 10. Nf1 Nc6 11. h4 Re8 12. N1h2 Nf8 13. Ng4 Ng6 14. h5 Nh8 15. h6 Ng6 16. hxg7 Kxg7 17. Bh6+ Kh8 18. Qd2 Rg8 19. Ng5 Bxg5 20. Bxg5 Qc7 21. Bf6+ Rg7 22. Bxg7+ Kxg7 23. Qh6+ Kh8 24. Nf6 Nf8 25. Nh5 f5 26. exf6 Qf7 27. Qg7+ Qxg7 28. fxg7+ Kg8 29. gxf8Q+ Rxf8 30. Rxe6 Nd4 31. Re7 Bc6 32. c3 Nf3+ 33. Bxf3 Rxf3 34. Rae1 Rf8 35. Rg7+ Kh8 36. Ree7 1-0